000 00966nam a2200265 i 4500
003 DO-SdBNP
005 20260529130044.0
007 ta
008 260529b200- dr c ||| |||| 00| 0 spa d
040 _aDO-SdBNP
_bspa
_cBNPHU
_erda
041 _aspa
082 4 _axxx
_bxxx
_222
100 _aDisla Guillén, Félix,
_d1922-
_eautor
_4aut.
_97913
245 1 0 _aConversando con el Samán :
_bmemorias de un pintor /
_cFélix Disla Guillén ; revisión y correcciones, Rocío Sobrino Santillana
264 1 _aSanto Domingo :
_beditor no edentificado.
_c200-?.
300 _a104 páginas :
_bretrato ;
_c21 cm.
336 _atexto
_btxt
_2rdacontent
337 _asin mediación
_bn
_2rdamedia
338 _avolumen
_bnc
_2rdacarrier
500 _aIncluye datos biográficos del autor en la contracubierta
590 _aInventariado, 2026/BT
700 1 _aSobrino Santillana, Rocío,
_erevisión, corrector
_4rev., corr.
_989804
910 _abtavárez
942 _2ddc
_cLBS1
999 _c60839
_d60839